000 00607nam a22002057a 4500
005 20251108172920.0
008 250721s9999 xx 000 0 ara d
082 1 4 _aط/920/بدو
100 1 _aالبدوي، خليل
_ecomp.
245 1 0 _aسيمون دي بوفوار /
264 1 _aعمان :
_bدار الاسراء للنشر والتوزيع،
300 _a16/ص
490 0 _aالناجحون
_v9
650 1 7 _aالتراجم
650 1 7 _aالرجال
650 1 7 _aالعلماء
653 _aاطفال مرحلة متوسطة ( 6-9) سنوات
942 _2ddc
_cBK
999 _c91731
_d91731